LDR 00736naa#a2200169#i#450# 001 EN\\bibl\118032 005 20260428133317.2 011 ## _a3033-8239 100 ## _a20260401b2026####ek#y0engy0150####ca 102 ## _aRU 200 1# _aLEGAL REGULATION OF PERSONAL DATA PROTECTION IN THE CONTEXT OF DIGITALIZATION: PROBLEMS AND PROSPECTS _eJournal article 210 1# _aArmavir _cAutonomous Non-Commercial Organization Research Institute "Digital Philosophy - Digital Intelligence" _d2026 215 ## _a0 с. 608 ## _aJournal article _2local 675 ## _aВозникновение прав. Создание прав. Факторы образования прав. 347.123 _z 700 #1 _aBelgisova _gKristina Viktorovna 856 4# _aintellectualsovereignty.ru _u